Statistics for População do Distrito de Lisboa por ordem

Click here to take the quiz!

General Stats

  • This quiz has been taken 10 times
  • The average score is 6 of 16

Answer Stats

HintAnswer% Correct
545 796 hab.Lisboa
100%
214 124 hab.Cascais
57%
385 606 hab.Sintra
57%
44 442 hab.Alenquer
29%
171 454 hab.Amadora
29%
13 992 hab.Arruda dos Vinhos
29%
21 421 hab.Azambuja
29%
13 372 hab.Cadaval
29%
201 590 hab.Loures
29%
26 240 hab.Lourinhã
29%
86 515 hab.Mafra
29%
148 034 hab.Odivelas
29%
171 658 hab.Oeiras
29%
10 540 hab.Sobral de Monte Agraço
29%
83 072 hab.Torres Vedras
29%
137 529 hab.Vila Franca de Xira
29%

Score Distribution

Percentile by Number Answered

Percent of People with Each Score

Your Score History

You have not taken this quiz